|
|
|
|
| LEADER |
01262nam a2200289 a 4500 |
| 001 |
13311521 |
| 008 |
091124s2005 mauab b 101 0 eng d |
| 010 |
|
|
|a \\2003061409
|
| 020 |
|
|
|a 0262025566 (alk. paper)
|
| 020 |
|
|
|a 9780195677904
|
| 020 |
|
|
|a 0195677900
|
| 040 |
|
|
|a DLC
|c DLC
|d DLC
|
| 082 |
0 |
0 |
|a 330.954
|2 22
|
| 245 |
0 |
0 |
|a India's emerging economy :
|b performance and prospects in the 1990s and beyond /
|c edited by Kaushik Basu.
|
| 260 |
|
|
|a Cambridge, Mass. :
|b MIT Press,
|c 2005.
|
| 300 |
|
|
|a viii, 319 p. :
|b ill., map ;
|c cm.
|
| 500 |
|
|
|a Papers with revisions influenced by discussions held at a conference organized by the editor
|
| 504 |
|
|
|a Includes bibliographical references and index.
|
| 541 |
1 |
|
|e 00016814
|
| 651 |
|
0 |
|a India
|x Economic conditions
|y 20th century
|v Congresses.
|
| 651 |
|
0 |
|a India
|x Economic conditions
|y 21st century
|v Congresses.
|
| 651 |
|
0 |
|a India
|x Economic policy
|y 20th century
|v Congresses.
|
| 651 |
|
0 |
|a India
|x Economic policy
|y 21st century
|v Congresses.
|
| 700 |
1 |
|
|a Basu, Kaushik.
|
| 852 |
4 |
|
|a Ayesha Abed Library
|j General shelf
|
| 999 |
|
|
|c 7597
|d 7597
|
| 952 |
|
|
|0 0
|1 0
|2 ddc
|4 0
|6 330_954000000000000_IND_2005
|7 0
|9 8285
|a BRACUL
|b BRACUL
|c GEN
|d 2010-02-17
|l 2
|m 48
|o 330.954 IND
|p 3010016814
|r 2025-11-23
|s 2025-10-29
|t 1
|w 2010-02-17
|y BK
|